[Event "TUR-chT 1st League"]
[Site "Denizli"]
[Date "2024.07.15"]
[Round "1.72"]
[White "Aksu, Ata Anil"]
[Black "Sakarya, Muammer Boran"]
[Result "0-1"]
[WhiteElo "1838"]
[BlackElo "1963"]
[PlyCount "56"]
[EventDate "2024.07.15"]
[EventType "team-swiss"]
[EventRounds "9"]
[EventCountry "TUR"]
[SourceTitle "EXT 2025"]
[Source "ChessBase"]
[SourceDate "2024.10.14"]
[SourceVersion "1"]
[SourceVersionDate "2024.10.14"]
[SourceQuality "1"]
[WhiteTeam "Mavisehir Altyapi"]
[BlackTeam "Mercan Sanat"]
[WhiteTeamCountry "TUR"]
[BlackTeamCountry "TUR"]

1. e4 c5 2. Nc3 e6 3. g3 d5 4. exd5 exd5 5. Bg2 Nf6 6. d3 d4 7. Ne4 Nxe4 8. Bxe4 Nd7 9. Ne2 Nf6 10. Bg2 Bd6 11. 0-0 0-0 12. Bf4 Bg4 13. Bxd6 Qxd6 14. h3 Bd7 15. Nf4 Bc6 16. Re1 h6 17. Bxc6 Qxc6 18. Nh5 Nh7 19. h4 g6 20. Nf4 Nf6 21. c4 dxc3 22. bxc3 Rad8 23. Qb3 Rfe8 24. Qc2 Kg7 25. Rad1 Qf3 26. Rxe8 Rxe8 27. Ng2 Re2 28. Rd2 Qxf2+ 0-1

[Event "TUR-ch U13/18"]
[Site "Antalya"]
[Date "2023.01.25"]
[Round "6"]
[White "Aksu, Ata Anil"]
[Black "Engin, Onur Cinar"]
[Result "1/2-1/2"]
[WhiteElo "1680"]
[BlackElo "1990"]
[PlyCount "106"]
[EventDate "2023.01.17"]
[EventType "swiss"]
[EventRounds "10"]
[EventCountry "TUR"]
[SourceTitle "EXT 2024"]
[Source "ChessBase"]
[SourceDate "2023.10.10"]
[SourceVersion "1"]
[SourceVersionDate "2023.10.10"]
[SourceQuality "1"]

1. e4 c6 2. d4 d5 3. Nc3 dxe4 4. Nxe4 Nf6 5. Nxf6+ exf6 6. Be3 Bd6 7. Bc4 Nd7 8. Qg4 0-0 9. Qf3 Nb6 10. Bb3 a5 11. c3 a4 12. Bc2 Re8 13. Ne2 Nc4 14. Bc1 Be6 15. Qd3 g6 16. 0-0 b5 17. Ng3 f5 18. Qd1 h5 19. Rb1 h4 20. Ne2 h3 21. g3 Bd5 22. Nf4 Bxf4 23. Bxf4 Bg2 24. Re1 Qd5 25. Bd3 Bf3 26. Rxe8+ Rxe8 27. Qf1 Bg2 28. Qd1 Be4 29. Bxe4 Qxe4 30. Qf1 f6 31. b3 axb3 32. axb3 Nb6 33. c4 g5 34. Bd2 Qc2 35. Re1 Re4 36. Rxe4 Qxe4 37. Qxh3 Qb1+ 38. Qf1 Qxf1+ 39. Kxf1 bxc4 40. bxc4 Nxc4 41. Bb4 g4 42. Kg2 Kf7 43. h4 gxh3+ 44. Kxh3 Ke6 45. Kg2 Kd5 46. Be7 Ke6 47. Bb4 Nd6 48. Kf3 Ne4 49. Ke3 Ng5 50. Ba3 Ne4 51. Bb4 Ng5 52. Ba3 Ne4 53. Bb4 Nc5 1/2-1/2

[Event "Paracin Summer op-B 11th"]
[Site "Paracin"]
[Date "2018.07.12"]
[Round "8"]
[White "Aksu, Ata Anil"]
[Black "Radovanovic, Miroljub B"]
[Result "1-0"]
[WhiteElo "1264"]
[BlackElo "1883"]
[PlyCount "115"]
[EventDate "2018.07.06"]
[EventType "swiss"]
[EventRounds "9"]
[EventCountry "SRB"]
[SourceTitle "EXT 2019"]
[Source "ChessBase"]
[SourceDate "2018.10.10"]
[SourceVersion "1"]
[SourceVersionDate "2018.10.10"]
[SourceQuality "1"]

1. e4 c5 2. Nc3 Nc6 3. f4 e6 4. Nf3 d5 5. Bb5 Nge7 6. e5 a6 7. Bxc6+ Nxc6 8. d4 cxd4 9. Nxd4 Qb6 10. Nb3 Bd7 11. Qe2 Rc8 12. Be3 Qc7 13. 0-0 Bb4 14. Qg4 g6 15. Ne2 Ne7 16. a3 Nf5 17. Bf2 Be7 18. Nbd4 Bb5 19. Nxb5 axb5 20. c3 0-0 21. Qf3 Bc5 22. g4 Bxf2+ 23. Rxf2 Ne7 24. Nd4 Qb6 25. Qd3 Rc4 26. b3 Rc5 27. Kh1 Rfc8 28. Rc2 Nc6 29. Nf3 b4 30. f5 exf5 31. gxf5 Rxc3 32. Rxc3 bxc3 33. Qxd5 Rd8 34. Qc4 Qe3 35. Rf1 Nxe5 36. Nxe5 Qxe5 37. fxg6 Qd5+ 38. Qxd5 Rxd5 39. gxh7+ Kh8 40. Rc1 Rd3 41. a4 Kxh7 42. a5 Kg6 43. b4 Kf5 44. b5 Kg4 45. a6 bxa6 46. bxa6 Kf3 47. a7 Rd8 48. Rxc3+ Kf2 49. Rc2+ Ke3 50. Ra2 Ra8 51. Kg2 f5 52. h4 f4 53. Ra3+ Ke4 54. Kf2 Kd5 55. h5 Kc6 56. h6 Kb6 57. h7 Kb7 58. Kf3 1-0

[Event "Paracin Summer op-B 11th"]
[Site "Paracin"]
[Date "2018.07.11"]
[Round "7"]
[White "Radisavljevic, Dalibor"]
[Black "Aksu, Ata Anil"]
[Result "1-0"]
[WhiteElo "1967"]
[BlackElo "1264"]
[PlyCount "71"]
[EventDate "2018.07.06"]
[EventType "swiss"]
[EventRounds "9"]
[EventCountry "SRB"]
[SourceTitle "EXT 2019"]
[Source "ChessBase"]
[SourceDate "2018.10.10"]
[SourceVersion "1"]
[SourceVersionDate "2018.10.10"]
[SourceQuality "1"]

1. Nf3 c5 2. g3 g6 3. Bg2 Bg7 4. 0-0 Nf6 5. c4 0-0 6. Nc3 Nc6 7. d3 d6 8. e4 Nd7 9. Qe2 Nde5 10. Nxe5 dxe5 11. Be3 Nd4 12. Qd1 e6 13. Ne2 Qe7 14. Nxd4 exd4 15. Bd2 e5 16. a3 a5 17. b4 axb4 18. axb4 Rxa1 19. Qxa1 b6 20. bxc5 bxc5 21. Rb1 Be6 22. Qa5 Rc8 23. Rb6 Qc7 24. h3 Bf8 25. Qa6 Bd7 26. Qb7 Bd6 27. Bg5 Qxb7 28. Rxb7 Bc6 29. Rb6 Kg7 30. h4 h6 31. Bh3 Rc7 32. Bd8 Rb7 33. Rxc6 Rb1+ 34. Bf1 Bf8 35. Bf6+ Kg8 36. Rc8 1-0

[Event "Paracin Summer op-B 11th"]
[Site "Paracin"]
[Date "2018.07.10"]
[Round "6"]
[White "Aksu, Ata Anil"]
[Black "Radovic, Goran"]
[Result "1-0"]
[WhiteElo "1264"]
[BlackElo "1880"]
[PlyCount "127"]
[EventDate "2018.07.06"]
[EventType "swiss"]
[EventRounds "9"]
[EventCountry "SRB"]
[SourceTitle "EXT 2019"]
[Source "ChessBase"]
[SourceDate "2018.10.10"]
[SourceVersion "1"]
[SourceVersionDate "2018.10.10"]
[SourceQuality "1"]

1. e4 c6 2. d4 g6 3. Nf3 Bg7 4. Nc3 Nf6 5. Bd3 d6 6. h3 b5 7. a3 a6 8. Be3 Nbd7 9. Qd2 Qc7 10. Bh6 Kf8 11. 0-0 Ng8 12. Bf4 e5 13. dxe5 dxe5 14. Bh2 Nc5 15. Ne1 Qe7 16. b4 Bh6 17. f4 Ne6 18. g3 Nd4 19. Qg2 Bg7 20. f5 g5 21. g4 h5 22. Nf3 Nxf3+ 23. Qxf3 hxg4 24. hxg4 Nf6 25. Bg3 Kg8 26. Bf2 Rh6 27. Kg2 Nd7 28. Rh1 Rxh1 29. Rxh1 a5 30. Rb1 axb4 31. axb4 Bf8 32. Qh3 Qf6 33. Be3 Be7 34. Ne2 Qg7 35. Bd2 Kf8 36. Qh1 Qf6 37. Ra1 Rxa1 38. Qxa1 Qd6 39. Nc1 Ke8 40. Nb3 f6 41. Qb1 Nb6 42. Be3 Nd7 43. c3 Kd8 44. Kf2 Qb8 45. Na5 Qd6 46. Ke2 Qc7 47. Qa2 Qd6 48. Nb3 Bb7 49. Nd2 Kc8 50. Nb3 Qc7 51. Na5 Kb8 52. Ba7+ Kc8 53. Qe6 Qd6 54. Qa2 Bd8 55. Nb3 Qc7 56. Nc5 Nxc5 57. Bxc5 Kb8 58. Qg8 Bc8 59. Qf8 Qd7 60. Bc2 Kb7 61. Bb3 Qc7 62. Be6 Bxe6 63. fxe6 Qh7 64. Qf7+ 1-0